| 000 | 00513nam a2200109Ia 4500 | ||
|---|---|---|---|
| 008 | 171212s9999 xx 000 0 und d | ||
| 100 | _aBrownell, Peter;Light, Thomas;Sorensen, Paul;Samaras, Constantine;Kalra, Nidhi | ||
| 245 |
_cBrownell, Peter;Light, Thomas;Sorensen, Paul;Samaras, Constantine;Kalra, Nidhi _aThe Future of Mobility _bScenarios for the United States in 2030, Appendixes C–G |
||
| 260 |
_bRAND Corporation _c2013 |
||
| 650 | _aTechnology | ||
| 856 | _uhttp://www.jstor.org/stable/10.7249/j.ctt5hhtpz | ||
| 999 |
_c352664 _d352664 |
||